Statistiques concernant Les Simpson - S03E04 : Le Petit Parrain

Cliquez ici pour prendre le quiz!

Statistiques générales

  • Ce quiz a été pris 32 fois
  • Le résultat moyen est 5 sur 10

Statistiques - réponses

QuestionRéponse% Correct
Qu'arrive-t-il aux devoirs de Bart ?le chien les a mangé
90%
Que contient la cargaison volée par la bande à Gros Tony ?des cigarettes
73%
Quelle est le cocktail que la mafia demande à Bart de réaliser ?un Manhattan
67%
Quelle sortie scolaire Bart rate-t-il à cause de son oubli de ramener son autorisation des parents ?la fabrique de chocolat
63%
À qui fait appel la police pour retrouver Skinnner ?une voyante
60%
Quel cadeau Bart devait-il avoir dans sa boîte de céréales Krusty ?un insigne de police
57%
Quand Bart demande à Gros Tony s'ils ont tué son principal, Gros Tony lui demande s'il s'agit :d'un chinois avec une moustache
47%
Avec combien de retard Bart arrive-t-il à l'école ?40 minutes
23%
Combien d'argent Marge trouve-t-elle dans le short de Bart en le mettant à la lessive ?400 $
13%
Au tribunal, la mafia déclare Bart comme en haut de la chaîne d'organisation en précisant qu'il touche à tout. La mafia cite trois éléments, lequel n'est pas cité ?contrebande
13%

Distribution des résultats

Percentile par nombre de réponses

% des personnes avec chaque résultat

Votre développement - résultats

Vous n’avez pas pris ce quiz